000 00803cam a2200181 a 4500
020 _a1565637283
082 0 0 _a225.92
_aGLO
100 1 _aGlover, T. R.
245 1 0 _aPaul of Tarsus
260 _aPeabody, Mass. :
_bHendrickson Publishers,
_c[2002]
300 _axi, 256 p. ;
500 _aOriginally published: London : Student Christian Movement, 1925.
505 0 _aIntroduction -- Tarsus -- Jerusalem -- Damascus -- "Not having mine own righteousness" -- The life of obedience -- "The preparation of the Gospel" -- The church -- The human Paul -- The love of Christ -- The consummation.
650 _aPaul, The Apostle Saint
856 4 2 _uhttp://www.loc.gov/catdir/description/hend031/2003535241.html
856 4 2 _uhttp://www.loc.gov/catdir/enhancements/fy0706/2003535241-b.html
942 _cBK
999 _c22554
_d22554